Manual del vidriero, plomero y hojalatero / (Record no. 154587)
[ view plain ]
| 000 -LEADER | |
|---|---|
| campo de control de longitud fija | 01512nam a22003255i 4500 |
| 001 - NÚMERO DE CONTROL | |
| campo de control | 154587 |
| 003 - IDENTIFICADOR DE NÚMERO DE CONTROL | |
| campo de control | ES-MaACL |
| 005 - FECHA Y HORA DE LA ÚLTIMA TRANSACCIÓN | |
| campo de control | 20250814080101.0 |
| 008 - DATOS DE LONGITUD FIJA--INFORMACIÓN GENERAL | |
| campo de control de longitud fija | 960917s1881 sp f |||| | spa d |
| 080 ## - NÚMERO DE LA CLASIFICACIÓN DECIMAL UNIVERSAL | |
| Número de la Clasificación Decimal Universal | 666.1 |
| 080 ## - NÚMERO DE LA CLASIFICACIÓN DECIMAL UNIVERSAL | |
| Número de la Clasificación Decimal Universal | 669.4 |
| 080 ## - NÚMERO DE LA CLASIFICACIÓN DECIMAL UNIVERSAL | |
| Número de la Clasificación Decimal Universal | 669.68 |
| 100 1# - ENTRADA PRINCIPAL--NOMBRE DE PERSONA | |
| Nombre de persona | González Martí, Manuel, |
| Fechas asociadas al nombre | 1877-1972 |
| 9 (RLIN) | 58787 |
| 245 10 - MENCIÓN DEL TÍTULO | |
| Título | Manual del vidriero, plomero y hojalatero / |
| Mención de responsabilidad, etc. | por D. Manuel González Martí ; precedido de un prólogo por D. Ignacio González Martí. |
| 260 ## - PUBLICACIÓN, DISTRIBUCIÓN, ETC. | |
| Lugar de publicación, distribución, etc. | Madrid : |
| Nombre del editor, distribuidor, etc. | Est. Tip. Editorial de Gregorio Estrada, |
| Fecha de publicación, distribución, etc. | 1881. |
| 300 ## - DESCRIPCIÓN FÍSICA | |
| Extensión | 280 p., [1] h. pleg. de lám. ; |
| Dimensiones | 17 cm. |
| 490 1# - MENCIÓN DE SERIE | |
| Mención de serie | Biblioteca enciclopédica popular ilustrada. Sección 1ª. Artes y oficios |
| 505 8# - NOTA DE CONTENIDO CON FORMATO | |
| Nota de contenido con formato | Primera parte: Conocimiento de materiales . Segunda parte: Arte del vidriero . Tercera parte: Arte del plomero y pizarrero . Cuarta parte: Arte del hojalatero . Quinta parte: Pintura . Sexta parte: Conservación y reparación de las obras |
| 530 ## - NOTA DISPONIBLE DE FORMULARIO FÍSICO ADICIONAL | |
| Nota de formato físico adicional disponible | Disponible en formato digital. |
| 650 #4 - PUNTO DE ACCESO ADICIONAL DE MATERIA--TÉRMINO DE MATERIA | |
| Término de materia o nombre geográfico como elemento de entrada | Vidrio. |
| 9 (RLIN) | 150481 |
| 650 #4 - PUNTO DE ACCESO ADICIONAL DE MATERIA--TÉRMINO DE MATERIA | |
| Término de materia o nombre geográfico como elemento de entrada | Plomo. |
| 9 (RLIN) | 136721 |
| 650 #4 - PUNTO DE ACCESO ADICIONAL DE MATERIA--TÉRMINO DE MATERIA | |
| Término de materia o nombre geográfico como elemento de entrada | Hojalata. |
| 9 (RLIN) | 172763 |
| 700 1# - ENTRADA AGREGADA--NOMBRE PERSONAL | |
| Nombre de persona | González Martí, Ignacio. |
| 9 (RLIN) | 58786 |
| 700 1# - ENTRADA AGREGADA--NOMBRE PERSONAL | |
| Nombre de persona | Estrada, Gregorio. |
| 9 (RLIN) | 126979 |
| 752 ## - ENTRADA AGREGADA--NOMBRE JERÁRQUICO DEL LUGAR | |
| País o entidad superior | España - |
| Ciudad | Madrid |
| 830 10 - PUNTO DE ACCESO ADICIONAL DE SERIE-TÍTULO UNIFORME | |
| Título uniforme | Biblioteca enciclopédica popular ilustrada. |
| Nombre de parte o sección de la obra | Artes y oficios |
| 9 (RLIN) | 187687 |
| 852 ## - LOCALIZACIÓN | |
| Ubicación | ES-MaACL |
| Número de control de estantería | F-12633 |
| Nota libre | - Enc. hol. |
| 856 ## - LOCALIZACIÓN Y ACCESO ELECTRÓNICOS | |
| Identificador Uniforme de Recursos | <a href="https://bibliotecadigital.jcyl.es/es/consulta/registro.do?id=22697">https://bibliotecadigital.jcyl.es/es/consulta/registro.do?id=22697</a> |
| Nota pública | Biblioteca Digital de Castilla y León |
| Estatus retirado | Estado de pérdida | Estado de daño | No para préstamo | Colección | Biblioteca de origen | Biblioteca actual | Ubicación en estantería | Fecha de adquisición | Fuente de adquisición | Total de préstamos | Signatura topográfica completa | Código de barras | Visto por última vez | Precio de reemplazo | Tipo de ítem Koha |
|---|---|---|---|---|---|---|---|---|---|---|---|---|---|---|---|
| Colección digital | Biblioteca del Ateneo de Madrid | Biblioteca del Ateneo de Madrid | Sala Pecera Planta 2 | 17/01/2008 | F-12633 | 1161680 | 23/02/2023 | 23/02/2023 | Libro impreso antiguo |
